| 000 | 00332nam a2200133Ia 4500 | ||
|---|---|---|---|
| 005 | 20251222142000.0 | ||
| 008 | 251222s9999||||xx |||||||||||||| ||spa|| | ||
| 020 | _a84-204-6728-6 | ||
| 082 | _a868.32/C48I/2004 | ||
| 100 | _aCervantes Saavedra, Miguel de | ||
| 245 | 0 | _aDon Quijote de la Mancha | |
| 264 | _bSantillana | ||
| 942 | _cLIB | ||
| 999 |
_c9990 _d9990 |
||